Estudio de Prefactibilidad para la creación de la empresa productora y comercializadora de chocolate artesanal CHOCONIC, ubicado en la ciudad de Managua

El presente trabajo Estudio de Prefactibilidad para la creación de la empresa productora y comercializadora de chocolate artesanal (CHOCONIC),ubicado en la ciudad de Managua, se origina al ver la oportunidad de aprovechar el cacao nicaragüense, siendo esta la mejor materia prima a nivel centroame...

Full description

Bibliographic Details
Main Authors: Lozano Sánchez, Jimmy Noel, Rivera Olivares, Alexander Javier, EVALUACIÓN DE IMPACTO AMBIENTAL
Other Authors: Tutor: Martínez Zuniga, Leonel Antonio
Format: Tesis Section = Libro
Language:Undetermined
Spanish
Published: Managua UNI-IES 2020
Subjects:
LEADER 01628nam a2200289Ia 4500
008 240830s9999 xx 000 0 und d
040 |a BIBLIOTECA-RUPAP Mon 658.11 L925 
041 |a spa 
082 |a Mon 658.11 L925 
100 1 |a Lozano Sánchez, Jimmy Noel 
100 1 |b  Rivera Olivares, Alexander Javier 
100 1 |c  EVALUACIÓN DE IMPACTO AMBIENTAL 
245 1 0 |a Estudio de Prefactibilidad para la creación de la empresa productora y comercializadora de chocolate artesanal CHOCONIC, ubicado en la ciudad de Managua 
260 |a Managua  |b UNI-IES  |c 2020 
300 |a 202 p. :il. 
500 |a Contiene: anexos y CD. 
502 |a Tesis (Ingeniero de Sistemas)- UNI, 2020. 
520 3 |a El presente trabajo Estudio de Prefactibilidad para la creación de la empresa productora y comercializadora de chocolate artesanal (CHOCONIC),ubicado en la ciudad de Managua, se origina al ver la oportunidad de aprovechar el cacao nicaragüense, siendo esta la mejor materia prima a nivel centroamericano, permitiendo presentar un producto de calidad al mercado, la cual se ofertará en diferentes presentaciones de barra de 50 gr, tableta de 50 gr, pastilla de 85 gr y polvo de 30 gr, donde cada uno de los productos tendrán un precio de C  |  27.71, C  |   28.21,C  |  47.93, C  |  17.08 respectivamente para el año 2021. 
650 7 |a NUEVAS EMPRESAS-PROYECTOS 
650 7 |b ESTUDIOS DE FACTIBILIDAD 
650 7 |c CHOCOLATES-INDUSTRIA Y COMERCIO 
650 7 |d ESTUDIO DE MERCADO 
650 7 |e ESTUDIO FINANCIERO6 
700 1 |a Tutor:  |b Martínez Zuniga, Leonel Antonio 
942 |c BK  |2 ddc 
991 |a TESIS 
999 |c 16947